Practice and Theory of Enzyme Immunoassays /

Salvato in:
Dettagli Bibliografici
Autore principale: Tijssen, P (Autore)
Natura: Libro
Lingua:inglese
Pubblicazione: Amsterdam : Elsevier, 1985
Serie:Laboratory Techniques in Biochemistry and Molecular Biology Vol.15
Tags: Aggiungi Tag
Nessun Tag, puoi essere il primo ad aggiungerne!!

MARC

LEADER 00000nam a22000003a 4500
001 stu18482
005 20150617225755.9
008 920406s1985----ne------------------eng-d
020 |a 0 444 80634 2 
040 |a STU  |b slo 
041 0 |a eng 
044 |a ne 
080 |a 577.15 
100 1 |a Tijssen, P  |4 aut 
245 1 |a Practice and Theory of Enzyme Immunoassays /  |c [aut.]Tijssen,P 
260 |a Amsterdam :  |b Elsevier,  |c 1985 
300 |a 549 s :  |b Lit.,index 
830 0 |a Laboratory Techniques in Biochemistry and Molecular Biology  |v Vol.15 
996 |b C89440  |c C*89440  |l CCXV  |s P  |a 0  |w stu18482_0001